[Event "SVK-ch U20 Girls"]
[Site "Tatralandia"]
[Date "2015.04.24"]
[Round "8"]
[White "Rozsnyoova, Sophia"]
[Black "Vrtiakova, Anna"]
[Result "0-1"]
[WhiteElo "1300"]
[BlackElo "1875"]
[PlyCount "54"]
[EventDate "2015.04.18"]
[EventType "swiss"]
[EventRounds "9"]
[EventCountry "SVK"]
[SourceTitle "CBM 166 Extra"]
[Source "ChessBase"]
[SourceDate "2015.06.18"]
[SourceVersion "1"]
[SourceVersionDate "2015.06.18"]
[SourceQuality "1"]

1. e4 c5 2. Nf3 a6 3. d4 cxd4 4. Nxd4 Nf6 5. Nc3 e5 6. Nf5 d5 7. Ng3 d4 8. Nb1 Nc6 9. Bc4 Be7 10. 0-0 0-0 11. c3 b5 12. Bb3 Bb7 13. cxd4 Nxd4 14. Re1 Qc7 15. Be3 Nxb3 16. Qxb3 Nxe4 17. Nxe4 Bxe4 18. Nc3 Bb7 19. a3 Qc6 20. f3 Bc5 21. Ne4 Bxe3+ 22. Qxe3 Rfe8 23. Rac1 Qg6 24. Rc7 Bxe4 25. Qxe4 Qb6+ 26. Kh1 Qxc7 27. f4 Rad8 0-1

[Event "SVK-ch U20 Girls"]
[Site "Tatralandia"]
[Date "2015.04.22"]
[Round "6"]
[White "Nadzamova, Rebeka"]
[Black "Rozsnyoova, Sophia"]
[Result "1-0"]
[WhiteElo "1502"]
[BlackElo "1300"]
[PlyCount "83"]
[EventDate "2015.04.18"]
[EventType "swiss"]
[EventRounds "9"]
[EventCountry "SVK"]
[SourceTitle "CBM 166 Extra"]
[Source "ChessBase"]
[SourceDate "2015.06.18"]
[SourceVersion "1"]
[SourceVersionDate "2015.06.18"]
[SourceQuality "1"]

1. e4 e5 2. Nf3 Nc6 3. Bc4 d6 4. d4 Bg4 5. d5 Nd4 6. Be2 Nxe2 7. Qxe2 c6 8. Nc3 Nf6 9. Bd2 Qb6 10. Rb1 Qc5 11. b4 Qb6 12. Be3 Qc7 13. Qc4 Rc8 14. dxc6 Qxc6 15. Qxc6+ Rxc6 16. Kd2 a6 17. b5 Rc4 18. Kd3 Rc7 19. bxa6 bxa6 20. Rb6 a5 21. Rb8+ Kd7 22. Bb6 Rc8 23. Rxc8 Kxc8 24. Bxa5 Be7 25. Rb1 Kd7 26. Bb6 Rb8 27. a4 Kc6 28. a5 Nd7 29. Na4 f5 30. exf5 Bxf5+ 31. Kd2 d5 32. Nc3 Nxb6 33. axb6 Rxb6 34. Nxe5+ Kb7 35. Rxb6+ Kxb6 36. Nxd5+ Kc5 37. Nxe7 Kd6 38. Nxf5+ Kxe5 39. Nxg7 h6 40. Ke3 Kf6 41. Nh5+ Kg5 42. Nf4 1-0

[Event "SVK-ch U20 Girls"]
[Site "Tatralandia"]
[Date "2015.04.21"]
[Round "5"]
[White "Rozsnyoova, Sophia"]
[Black "Majerova, Veronika"]
[Result "0-1"]
[WhiteElo "1300"]
[BlackElo "1491"]
[PlyCount "92"]
[EventDate "2015.04.18"]
[EventType "swiss"]
[EventRounds "9"]
[EventCountry "SVK"]
[SourceTitle "CBM 166 Extra"]
[Source "ChessBase"]
[SourceDate "2015.06.18"]
[SourceVersion "1"]
[SourceVersionDate "2015.06.18"]
[SourceQuality "1"]

1. e4 c5 2. Nf3 Nc6 3. d4 cxd4 4. Nxd4 g6 5. Nc3 Bg7 6. Be3 Nf6 7. Bc4 0-0 8. 0-0 Nxe4 9. Nxe4 d5 10. Nxc6 bxc6 11. Bb3 dxe4 12. Qxd8 Rxd8 13. c3 a5 14. Rad1 Ba6 15. Rfe1 Rxd1 16. Rxd1 e6 17. Bd4 Bd3 18. Ba4 Bxd4 19. cxd4 Rb8 20. b3 Rb4 21. f3 Rxd4 22. fxe4 c5 23. Bc6 Bc2 24. Rc1 Rd2 25. g4 Kf8 26. h3 Ke7 27. e5 f6 28. exf6+ Kxf6 29. Re1 Bd3 30. Bd7 e5 31. h4 Re2 32. g5+ Ke7 33. Rxe2 Bxe2 34. Kf2 Kxd7 35. Kxe2 Kd6 36. Kf3 Kd5 37. Ke3 e4 38. Ke2 Kd4 39. Kd2 e3+ 40. Ke2 Ke4 41. a4 Kd4 42. Ke1 Kd3 43. Kd1 e2+ 44. Ke1 Ke3 45. h5 gxh5 46. b4 c4 0-1

[Event "SVK-ch U14 Girls"]
[Site "Lubovna"]
[Date "2013.04.11"]
[Round "7"]
[White "Simon, Dora"]
[Black "Rozsnyoova, Sophia"]
[Result "1-0"]
[WhiteElo "1159"]
[BlackElo "1259"]
[PlyCount "41"]
[EventDate "2013.04.06"]
[EventType "tourn"]
[EventRounds "9"]
[EventCountry "SVK"]
[SourceTitle "CBM 153 Extra"]
[Source "ChessBase"]
[SourceDate "2013.04.22"]
[SourceVersion "1"]
[SourceVersionDate "2013.04.22"]
[SourceQuality "1"]

1. e4 e5 2. Nf3 Nc6 3. d4 exd4 4. Nxd4 Qf6 5. Be3 Bc5 6. Nb5 Bxe3 7. fxe3 Qxb2 8. Nxc7+ Kd8 9. Nxa8 Qxa1 10. Bc4 Ne5 11. Bb3 Nf6 12. 0-0 Nxe4 13. Bxf7 Nc3 14. Nxc3 Qxc3 15. Qd6 Qxe3+ 16. Kh1 Nxf7 17. Qc7+ Ke7 18. Qa5 Qd4 19. Nc7 d6 20. Nd5+ Kf8 21. Qd8# 1-0

[Event "CZE/SVK-chT (Women)"]
[Site "Ruzomberok"]
[Date "2012.07.04"]
[Round "9.3"]
[White "Miklasova, Emma"]
[Black "Rozsnyoova, Sophia"]
[Result "1/2-1/2"]
[WhiteElo "1330"]
[BlackElo "1241"]
[PlyCount "51"]
[EventDate "2012.06.30"]
[EventType "team-tourn"]
[EventRounds "9"]
[EventCountry "SVK"]
[SourceTitle "CBM 149 Extra"]
[Source "ChessBase"]
[SourceDate "2012.08.24"]
[SourceVersion "1"]
[SourceVersionDate "2012.08.24"]
[SourceQuality "1"]
[WhiteTeam "Liptov Chess School East (W)"]
[BlackTeam "Dvory nad Zitavou (W)"]
[WhiteTeamCountry "SVK"]
[BlackTeamCountry "SVK"]

1. e4 e5 2. Nf3 Nc6 3. d4 exd4 4. Nxd4 Qf6 5. c3 Bc5 6. Be3 Nge7 7. Bc4 d6 8. 0-0 Nxd4 9. Bxd4 Bxd4 10. Qxd4 Qxd4 11. cxd4 Nc6 12. Rd1 Na5 13. Bb3 Nxb3 14. axb3 Bd7 15. Nc3 a6 16. Nd5 0-0-0 17. Rdc1 c6 18. b4 Kb8 19. Nb6 Rhe8 20. f3 Kc7 21. Nd5+ Kb8 22. Nb6 Ka7 23. Nc4 Be6 24. b3 d5 25. exd5 Bxd5 26. Na5 1/2-1/2

[Event "SVK-ch U14 Girls"]
[Site "Lubovnianske Kupele"]
[Date "2012.03.17"]
[Round "1"]
[White "Polakova, Eva"]
[Black "Rozsnyoova, Sophia"]
[Result "1-0"]
[WhiteElo "1528"]
[BlackElo "1197"]
[PlyCount "141"]
[EventDate "2012.03.17"]
[EventType "swiss"]
[EventRounds "7"]
[EventCountry "SVK"]
[SourceTitle "CBM 147 Extra"]
[Source "ChessBase"]
[SourceDate "2012.04.24"]
[SourceVersion "1"]
[SourceVersionDate "2012.04.24"]
[SourceQuality "1"]

1. e4 e5 2. f4 Nc6 3. Nf3 d6 4. Bc4 Bg4 5. Nc3 Nf6 6. d3 Nd4 7. 0-0 Bxf3 8. gxf3 Qd7 9. Ne2 Nxe2+ 10. Qxe2 d5 11. exd5 Nxd5 12. Qxe5+ Ne7 13. Bd2 0-0-0 14. Bxf7 Nc6 15. Qe6 Nd4 16. Qxd7+ Rxd7 17. Bb3 Bc5 18. Kg2 Nxb3 19. axb3 a6 20. Rae1 Rf8 21. Re4 Rdf7 22. Rfe1 Kb8 23. Re8+ Rxe8 24. Rxe8+ Ka7 25. Be3 Bxe3 26. Rxe3 g6 27. Kg3 h5 28. Re6 Rg7 29. Kh4 Rf7 30. Kg3 Rg7 31. Rf6 g5 32. Kf2 g4 33. fxg4 Rxg4 34. Rf5 h4 35. Kf3 Rg1 36. Rg5 Rf1+ 37. Ke3 Rh1 38. Rg2 Kb6 39. Rf2 Kc5 40. f5 Kd6 41. Kf3 Ke5 42. Kg4 Kf6 43. Kxh4 Re1 44. Kg3 Re3+ 45. Kg4 Re7 46. h4 Rg7+ 47. Kf4 c6 48. h5 Rg5 49. Ke4 Rxh5 50. Kd4 Rxf5 51. Rxf5+ Kxf5 52. Kc5 b5 53. Kxc6 Ke5 54. Kc5 Ke6 55. d4 Kd7 56. c4 Kc7 57. cxb5 axb5 58. Kxb5 Kd6 59. Kc4 Kc6 60. d5+ Kd6 61. b4 Kc7 62. Kc5 Kd7 63. b5 Kc7 64. d6+ Kd7 65. b6 Kc8 66. Kc6 Kb8 67. b7 Ka7 68. Kc7 Ka6 69. b8Q Ka5 70. Kc6 Ka4 71. Kc5 1-0